00000000nam 2200000zi 4500
0019.946968
003CaOODSP
00520250820143904
006m     o  d f      
007cr cn|||||||||
008250116s2025    onca    o    f000 0 fre d
020 |a9780660752730
040 |aCaOODSP|bfre|erda|cCaOODSP
043 |an-cn---
0861 |aH14-650/2025F-PDF
24500|aEntreposez votre cannabis en toute sécurité.
264 1|a[Ottawa] : |b[Santé Canada = Health Canada], |c[2025]
300 |a1 ressource en ligne (1 page non numérotée) : |billustrations
336 |atexte|btxt|2rdacontent/fre
337 |ainformatique|bc|2rdamedia/fre
338 |aressource en ligne|bcr|2rdacarrier/fre
500 |aTitre de départ.
500 |aPublié aussi en anglais sous le titre : Store your cannabis safely.
520 |a« Les empoisonnements accidentels de produits de cannabis comestibles constituent un risque sérieux pour les enfants et les animaux domestiques » -- Page [1].
650 6|aCannabis|xAspect sanitaire|zCanada.
650 6|aIntoxication accidentelle chez l'enfant|zCanada|xPrévention.
7101 |aCanada. |bSanté Canada, |eorganisme de publication.
77508|tStore your cannabis safely.|w(CaOODSP)9.946967
7760#|tEntreposez votre cannabis de manière responsable.|w(CaOODSP)9.946972
85640|qPDF|s91.5 Ko|uhttps://publications.gc.ca/collections/collection_2025/sc-hc/H14-650-2025-fra.pdf
8564 |qHTML|sS.O.|uhttps://www.canada.ca/fr/sante-canada/services/publications/medicaments-et-produits-sante/fiche-information-entreposez-cannabis-securite.html
986 |a240777